000 01976nam0a2200409 4500
001 RU\NLR\BIBL_A\022022273
005 20260607083627.0
010 _a978-5-9965-2074-9
_930
021 _aRU
_bКН-П-23-048327
_9КН-П-23-4838
021 _aRU
_bКН-П-23-048327
_9КН-П-23-7949
035 _a(NLR Aleph) 022022273
035 _a(RuMoRGB)011981416
090 _a12515984
_c12515984
100 _a20230908d2022 u y0rusy50 ca
101 0 _arus
102 _aRU
105 _aa j 000zy
181 0 _ai3
_baxxe
182 0 _an
200 1 _aАлкогольное, наркотическое и иное токсическое опьянение
_eучебное пособие
_fЕвгений Бушуев
203 _aТекст
_bвизуальный
_cнепосредственный
210 _aСанкт-Петербург
_cBooksNonStop
_cДавид
_d2022
215 _a166, [5] с.
_cил., табл.
_d21
300 _aНа 4-й с. обл. авт.: Бушуев Е. С. - доц., канд. биол. наук
320 _aБиблиогр.: с. 158-166 (84 назв.)
333 _a16+
606 1 _aНаркотическое опьянение
_jУчебные издания
_xМедицинское освидетельствование
_92561756
_3RU\NLR\AUTH\6601727566
606 1 _aАлкогольное опьянение
_jУчебные издания
_xМедицинское освидетельствование
_92072740
_3RU\NLR\AUTH\661247587
606 _aВодители автомобильного транспорта
_xМедицинское освидетельствование
_jУчебные издания
_3RU\NLR\AUTH\666600
_9899461
675 _a615.9
_v4
686 1 _aР11(2)729.3я77
686 1 _aР284.262я77
700 1 _aБушуев
_bЕ. С.
_gЕвгений Сергеевич
942 _cBOOK
980 _aNB